Pays frontaliers de l'Espagne - Statistiques

Statistiques générales
  • Ce quiz a été pris 239 fois
  • Le résultat moyen est 4 sur 5
Statistiques - réponses
Réponse % Correct
France
100%
Portugal
100%
Andorre
92%
Maroc
91%
Royaume-Uni
50%
Aucun quiz correspondant
Distribution des résultats
% des personnes avec chaque résultat
Percentile par nombre de réponses
Votre historique - résultats
Vous n’avez pas pris ce quiz